000 00489nam a2200145Ia 4500
008 100204s9999 xx 000 0 und d
082 _b10020
100 _aकिणीकर रॉय
245 _aउत्तररात्र
260 _b"कॉम्प-प्रिंंंंंट कल्पना प्रा. लि., पुणे"
_c1985 2
300 _a96
630 _aउत्तररात्र
730 _aउत्तररात्र
942 _cBOOK
999 _c454456
_d454453